1651 1829 1204 1351 1348 1760 1545 1938 1686 1805 1652 1813 1629 1599 1614 1228 1579 1433 1820 1878 1840 1943 1416 1768 1448 1098 1262 1790 1442 1075 1861 1319 1362 1223 1537 1350 1739 1761 1172 1257 1099 1720 1267 1252 1898 1764 1633 1198 1836 1176 1523 1749 1820 1417 1036 1613 1030 1498 1842 1006 1079 1497 1853 1707 1117 1061 1410 1902 1319 1222 1995 1491 1167 1322 1740 1749 1098 1531 1942 1641 1120 1699 1512 1762 1920 1185 1819 1940 1666 1996 1591 1224 1990 1641 1992 1990 1983 1644 1289 BCNSPRNW ULIB Ver.6.0+V

เปลี่ยนเป็นภาษาไทย

Change to English
 แสดงรายละเอียดบรรณานุกรม
  กลับหน้าหลัก

Brief Record : Get Marc (ISO 2709) : E-mail record : QR code < ปิดหน้าต่าง
LEADER : 00000nam 2200000uu 4500
001    13399125198
003     ULIB
008    161109s2554||||th 000 0 tha d
099    ^aวจ.WY18.2^bช227ป
100 0  ^aนางชลลดา ติยะวิสุทธิ์ศรี,นางนิศารัตน์ นาคทั่ง,นายวิวัฒนชัย หล่มศรีและนางจิณท์จุฑา ชูโตศรี
245 00 ^aรายงานการวิจัย เรื่องปัญหาและความต้องการเข้าร่วมกิจกรรมนักศึกษาของนักศึกษาพยาบาลวิทยาลัยพยาบาล สถาบันสมทบคณะพยาบาลศาสตร์ มหาวิทยาลัยนเรศวร /^cนางชลลดา ติยะวิสุทธิ์ศรี,นางนิศารัตน์ นาคทั่ง,นายวิวัฒนชัย หล่มศรีและนางจิณท์จุฑา ชูโตศรี
260    ^aพิษณุโลก :^bวิทยาลัยพยาบาล สถาบันสมทบคณะพยาบาลศาสตร์ มหาวิทยาลัยนเรศวร,^c2554
300    ^a91 หน้า :^bตาราง
700 0  นางชลลดา ติยะวิสุทธิ์ศรี
700 0  นางนิศารัตน์ นาคทั่ง
700 0  นายวิวัฒนชัย หล่มศรี
700 0  นางจิณท์จุฑา ชูโตศรี
945    ^p0^l0^i001473
999    ^aณรีรัตน์ วารุกา
รายการนี้ยังไม่มีแท็ก
คุณยังไม่ได้ล็อกอิน คุณสามารถมีกิจกรรมร่วมกับเว็บไซต์ได้ แต่ต้องล็อกอินก่อน ::
  ล็อกอิน

รายการสื่อสารสนเทศ

ลำดับที่ ประเภท เลขเรียก/บาร์โค้ด สถานที่ สถานะ
1. งานวิจัย
งานวิจัย
วจ.WY18.2 ช227ป ฉ.1 
  Barcode: 001473
ห้องสมุดวิทยาเขตสวรรค์ประชารักษ์
►วิจัย
บนชั้น

BibComment


ยังไม่เคยถูกคอมเมนท์

คอมเมนท์ทรัพยากรรายการนี้
  คอมเมนท์: รายงานการวิจัย เ..


 Copyright 2026. Bcnsprnw @Library